Transferové oceňovanie v príkladoch: metodológia a súvisiace problémy
Praktické uskutočňovanie analýzy porovnateľnosti. Praktická stránka metodológie transferového oceňovania. Príklady z praxe.
Salvato in:
| Autore principale: | |
|---|---|
| Natura: | Capitolo di libro |
| Lingua: | slovacco |
| Soggetti: | |
| Tags: |
Nessun Tag, puoi essere il primo ad aggiungerne!!
|
MARC
| LEADER | 00000naa a2200000 4500 | ||
|---|---|---|---|
| 001 | 0246494 | ||
| 005 | 20180719101204.0 | ||
| 041 | 0 | |a slo | |
| 044 | |a SK | ||
| 245 | 1 | 0 | |a Transferové oceňovanie v príkladoch: metodológia a súvisiace problémy |c Michal Kočiš |
| 520 | |a Praktické uskutočňovanie analýzy porovnateľnosti. Praktická stránka metodológie transferového oceňovania. Príklady z praxe. | ||
| 610 | 2 | 0 | |a oceňovanie transferové |
| 610 | 2 | 0 | |a dane z príjmov |
| 610 | 2 | 0 | |a analýza komparatívna |
| 610 | 2 | 0 | |a Slovensko |
| 610 | 2 | 0 | |a metodológia |
| 100 | 1 | |a Kočiš, Michal | |